000
00326nam a2200145 4500
020
_a
0-06-074509-6
082
_a
813.54
100
_a
Elizabeth Peters
245
_a
Prince of Darkness
260
_a
New York
_b
arper Torch
_c
2005
300
_a
336p.
_e
18cm.
650
_a
Fiction
700
_a
Peters, Elizabeth
942
_c
BK
999
_c
12292
_d
12292